000 01114nam a2200337uu 4500
001 1145061
005 20260507114151.0
008 090522s1999 eng
020 _a0070062625
035 _a1145061
035 _a(OCoLC)777028884
040 _ccomduadb
041 _aeng
082 4 _a428
100 1 0 _aHartmann, Pamela
_4aut
_0(isni)000000011657367X
_0(viaf)62961730
_eaut
_9497559
245 1 0 _aQuest : reading and writingin the academic world. Book 3
260 _aMéxico :
_bMcGraw-Hill,
_cc1999.
300 _a348 páginas
650 _aReading and writing
_9155704
650 _aLectura y escritura
_9106487
650 _aReading strategies
_984129
650 _aEstrategias de lectura
_977164
650 _aReading skills
_981220
650 _aHabilidades de lectura
_977163
650 _aWriting skills
_9159047
650 _aHabilidades de escritura
_9155189
650 _aEnglish as a foreign language
_977097
650 0 _aInglés como lengua extranjera
_xEnseñanza
_xEstudiantes extranjeros
_980031
700 1 0 _aBlass, Laurie
_4aut
_eaut
_9565621
942 _cBOOK
999 _c509820
_d509820